| 000 | 00769cam a22002411 4500 | ||
|---|---|---|---|
| 001 | sa 68003415 | ||
| 003 | DLC | ||
| 005 | 20260227112452.0 | ||
| 008 | 710903s1965 ii 000 0 eng | ||
| 010 | _asa 68003415 | ||
| 025 | _aPL480:I-E-9326 | ||
| 040 |
_aDLC _cDLC _dDLC |
||
| 050 | 0 | 0 |
_aPL4758.A56 _bV47 |
| 100 | 1 |
_aRaghavan, Thevur Subramanya, _d1897- |
|
| 245 | 1 | 0 |
_aMakers of modern Tamil, _cby T. S. Raghavan. |
| 250 | _a[1st ed.] | ||
| 260 |
_aTirunelveli, _bSouth India Saiva Siddhanta Works Pub. Society, Tinnevelly, _c1965. |
||
| 300 |
_a131 p. _c19 cm. |
||
| 350 | _aRs3.50 | ||
| 600 | 0 | 0 |
_aMar̲aimalaiyaṭikaḷ, _d1876-1950. |
| 600 | 1 | 0 |
_aCuppiramaṇiya Piḷḷai, Kā., _d1888-1945. |
| 600 | 1 | 0 |
_aKaliyāṇacuntaran̲ār, Tiru. Vi., _d1883-1953. |
| 999 |
_c79469 _d79469 |
||